Cómo proteger nuestros alimentos: anuario de agricultura 1966

-д хадгалсан:
Номзүйн дэлгэрэнгүй
Байгууллагын зохиогч: Departamento de Agricultura de los Estados Unidos (Зохиогч)
Формат: Ном
Хэл сонгох:испани
Хэвлэсэн: Ciudad de México UTEHA 1968
Цуврал:Biblioteca técnica de agricultura y ganadería
Нөхцлүүд:
Шошгууд: Шошго нэмэх
Шошго байхгүй, Энэхүү баримтыг шошголох эхний хүн болох!

MARC

LEADER 00000nam a2200000 a 4500
001 UCY9551
003 CL-VaPUC
008 950717e19680000MX |||||||||||||||||spa|d
082 0 4 |a 664  |b DEP  |2 21 
110 2 |a Departamento de Agricultura de los Estados Unidos  |e author  |9 341873 
245 1 0 |a Cómo proteger nuestros alimentos: anuario de agricultura 1966 
300 |a 594 p 
942 |c BK 
945 |d 19950717 00:00:00  |a cmena 
260 |a Ciudad de México  |b UTEHA  |c 1968 
650 7 |a TECNOLOGIA DE ALIMENTOS  |2 CL-VaPUC  |9 341874 
650 7 |a CONTROL DE ALIMENTOS  |2 CL-VaPUC  |9 262967 
650 0 |a Agricultura  |9 255598 
650 0 |a Cultivos  |9 264356 
650 0 |a Industria alimentaria  |9 331702 
650 7 |a PRODUCCION ALIMENTARIA  |2 CL-VaPUC  |9 341875 
650 0 |a Almacenamiento  |9 341876 
650 7 |a ENVASES  |2 CL-VaPUC  |9 341877 
650 0 |a Responsabilidad del estado  |9 258115 
650 0 |a Control de plagas  |9 327373 
650 7 |a POLITICA AGRARIA  |2 CL-VaPUC  |9 264314 
650 0 |a Planificación agrícola  |9 264548 
583 |a last modification  |c 20130517 11:05:04  |k Rodrigo Vera 
490 0 |a Biblioteca técnica de agricultura y ganadería 
999 |c 236629  |d 236627 
952 |0 0  |1 0  |4 0  |6 664_000000000000000_DEP_1968  |7 0  |8 P  |9 244848  |a BIBEDU  |b BIBEDU  |c BIBEDU_PB  |d 2019-11-18  |i 1535382  |o 664 DEP 1968  |p 1535382  |r 2024-01-25  |w 2019-11-18  |y BK  |k EDU